| 000 | 00650nam a2200193 a 4500 | ||
|---|---|---|---|
| 001 | BRCA_572 | ||
| 005 | 20190320203053.0 | ||
| 008 | 171005s1991----us-a---###---#000-0#eng-d | ||
| 020 | _a1853269549 | ||
| 050 | 4 |
_aNK1575 _b.A67 1991 |
|
| 245 | 1 | 0 |
_aArabian ornament _bfrom the 12th to the 18th century. |
| 260 |
_aCambridge _bWordsworth _c1991 |
||
| 300 |
_a48 p. _bil. a color _c37 cm. |
||
| 440 | 0 |
_aThe Cambridge Library of Ornamental Art _91972 |
|
| 650 | 1 | 4 |
_aDecoración y ornamentación _xObras maestras _zPaíses árabes _91973 |
| 650 | 1 | 4 |
_aArtes decorativas _xObras maestras _zPaíses árabes _91974 |
| 650 | 1 | 4 |
_aArte islámico _91975 |
| 942 |
_2lcc _cB |
||
| 999 |
_c502 _d502 |
||